LEADER 00972nas a2200241 i 4500 001 000000245369 003 CaOOAMICUS 005 20160311000000.0 008 150924b2015 it uu u0 0mul r 013 $a224274 040 $aSeMil$bita 245 10$a[2015 : Luglio-Dicembre]. 260 $aRoma :$bStudium,$c2015. 300 $aP. [481]-959 :$bgrafici, tabelle ;$c23 cm. 500 $aArticoli con sintesi in italiano [Riassunto/Sommario] o in inglese [Summary] in coda. 774 0 $tQuestione "gender".$z978-88-382-4359-2$w()288103 774 0 $t«Nemico della realtà mai!».$z978-88-382-4360-8$w()288282 774 0 $tInstabilità finanziaria.$z978-88-382-4359-2$w()288526 850 $aSeMil 852 $aSeMil$W1$xVenegono$y1$m58 6 46$j195715$B195715$CSeMilBibl$Z2$F209842 $85 961 $aCambio: Scuola Cattolica 996 $6245$a[2015 : Luglio-Dicembre]$9(OLS)http://semarc/title/345623 996 $6260$aRoma :$bStudium$9(OLS)http://semarc/publisher/29617 LEADER 01056nam a2200241 i 4500 001 000000044672 003 CaOOAMICUS 005 20091016000000.0 008 091016s1966 sp u000 u lat u 013 $a15842 040 $aSeMil$bita 100 1 $aRamírez, Jesus Martin .$0(OLS)http://semarc/name/90088 245 13$aDe episcopatu ut sacramento deque episcoporum collegio /$cJ. M. Ramírez. 260 $aSalamanticae :$bSan Esteban,$c1966. 300 $a348 p. ;$c26 cm. 490 0 $aBiblioteca de teólogos españoles ;$v23.C6 650 4$aOrdine (Sacramento).$0(OLS)http://semarc/subject/4458 650 4$aVescovi - Studi.$0(OLS)http://semarc/subject/4435 830 0$aBiblioteca de teólogos españoles ;$v23.C6.$0(OLS)http://semarc/title/14249 850 $aSeMil 852 $aSeMil$W1$xVenegono$y1$m2B IV 220$j10827$B10827$CSeMilBibl$Z2$F10827 $81 996 $6245$aDe episcopatu ut sacramento deque episcoporum collegio$9(OLS)http://semarc/title/66148 996 $6260$aSalamanticae :$bSan Esteban$9(OLS)http://semarc/publisher/40604